00647nam a2200181Ia 4500008004100000020001800041050001800059100003900077245010900116250001000225260002300235300002400258500007600282650002700358650002500385650001900410700003600429120626s9999 xx 000 0 und d a970-07-7245-404aK213 P53 20071 aPLATAS PACHECO, María del Carmen10aFilosofía del derecho lógica jurídica cMaría del Carmen Platas Pacheco, Gerardo Dehesa Dávila a2a Ed aMéxicobPorrúa axxi ; 125 páginas aContiene: Agradecimientos Prólogo Índice general Bibliografía17aDERECHO-METODOLOGÍA 17aDERECHO-FILOSOFÍA 17aJURISPRUDENCIA1 aDEHESA DÁVILA, Gerardo, prol.